شامبليون : حياة من نور

محفوظ في:

المؤلف الرئيسي: نبيل سعد.

مؤلفون آخرون: لاكوتير، جان..

التنسيق: كتاب

اللغة: Undetermined

منشور في: Cairo : almajlis alaeilaa lilthaqafati, , 2000.

سلاسل: National Translation Project;, 164

الموضوعات:

الوسوم: إضافة وسم

لا توجد وسوم, كن أول من يضع وسما على هذه التسجيلة!

رقم الطلب: PJ1064 .C6 L3312

LEADER 00659nam a2200181Ia 4500
008 240329s9999||||xx |||||||||||||| ||und||
050 4 |a PJ1064 .C6 L3312 
100 1 |a نبيل سعد. 
245 1 0 |a شامبليون : حياة من نور   |c نبيل سعد 
264 1 |a Cairo :  |b almajlis alaeilaa lilthaqafati, ,  |c 2000. 
300 |a 725 P  |c 24 cm 
490 0 |a National Translation Project;, 164 
650 |a Ancient Egyptian language 
650 |a Egypt Foreign Relations France History of the Era of Muhammad Ali, 1805-1849 
650 |a Egypt History of the French Campaign, 1798-1801 
700 1 |a لاكوتير، جان.. 
942 |2 lcc  |c BK 
999 |c 57728  |d 57728